[Event "ROM-ch U18"]
[Site "Calimanesti Caciulata"]
[Date "2016.04.25"]
[Round "9"]
[White "Tiron, Calin Andrei"]
[Black "Patrascu, Catalin Lucian"]
[Result "0-1"]
[WhiteElo "1999"]
[BlackElo "2249"]
[PlyCount "86"]
[EventDate "2016.04.18"]
[EventType "swiss"]
[EventRounds "9"]
[EventCountry "ROU"]
[SourceTitle "EXT 2017"]
[Source "ChessBase"]
[SourceDate "2016.10.25"]
[SourceVersion "1"]
[SourceVersionDate "2016.10.25"]
[SourceQuality "1"]

1. d4 Nf6 2. Bg5 Ne4 3. Bf4 c5 4. f3 Qa5+ 5. c3 Nf6 6. Nd2 cxd4 7. Nb3 Qb6 8. Qxd4 Nc6 9. Qxb6 axb6 10. e4 d5 11. Bd3 e5 12. Bg5 dxe4 13. fxe4 Be6 14. Nc1 Nd7 15. Nf3 Nc5 16. Be2 f6 17. Bd1 Be7 18. b4 Na4 19. Bb3 Nd8 20. 0-0 b5 21. Ne2 Bc4 22. Rfe1 Nf7 23. Ng3 Nd6 24. Nf5 Nxf5 25. exf5 Kf7 26. Bxc4+ bxc4 27. Re4 b5 28. Kf2 Rhd8 29. Re3 Rd7 30. Bh4 Bd8 31. Kf1 Bb6 32. Rxe5 fxe5 33. Nxe5+ Ke8 34. Nxd7 Kxd7 35. Rd1+ Kc6 36. Bg3 Rd8 37. Re1 Nxc3 38. Re6+ Kb7 39. Re7+ Ka6 40. Rxg7 Rf8 41. Rxh7 Rxf5+ 42. Ke1 Nxa2 43. Bd6 c3 0-1

[Event "ROM-ch U18"]
[Site "Calimanesti Caciulata"]
[Date "2016.04.22"]
[Round "6"]
[White "Tiron, Calin Andrei"]
[Black "Geiger, Alex Emanuel"]
[Result "1/2-1/2"]
[WhiteElo "1999"]
[BlackElo "2146"]
[PlyCount "89"]
[EventDate "2016.04.18"]
[EventType "swiss"]
[EventRounds "9"]
[EventCountry "ROU"]
[SourceTitle "CBM 172 Extra"]
[Source "ChessBase"]
[SourceDate "2016.06.21"]
[SourceVersion "1"]
[SourceVersionDate "2016.06.21"]
[SourceQuality "1"]

1. Nf3 c5 2. c4 Nc6 3. b3 Nf6 4. Bb2 e6 5. g3 b6 6. Bg2 Bb7 7. 0-0 Be7 8. d3 0-0 9. e4 Qc7 10. Qe2 Ne8 11. Na3 a6 12. Nc2 d6 13. d4 cxd4 14. Ncxd4 Rd8 15. Rad1 Nf6 16. Kh1 Qb8 17. Nxc6 Bxc6 18. Nd4 Bb7 19. f4 Rc8 20. a4 Qa8 21. Rfe1 Rfd8 22. h3 Bf8 23. Kh2 Nd7 24. f5 e5 25. Nc2 Nc5 26. Qe3 b5 27. axb5 axb5 28. Ra1 Qb8 29. cxb5 d5 30. exd5 Bxd5 31. Bxe5 Qxb5 32. Nd4 Qb7 33. f6 g6 34. Bxd5 Qxd5 35. Ra5 Ra8 36. Rea1 Rxa5 37. Rxa5 Ra8 38. Rxa8 Qxa8 39. h4 Qd5 40. Qg5 Ne4 41. Qf4 Nc5 42. Qe3 Nd7 43. Nf3 Nxe5 44. Nxe5 Qe6 45. Nc4 1/2-1/2

[Event "ROM-ch U16"]
[Site "Calimanesti"]
[Date "2015.03.31"]
[Round "2"]
[White "Tiron, Calin Andrei"]
[Black "Banzea, Alexandru Bogdan"]
[Result "0-1"]
[WhiteElo "1940"]
[BlackElo "2143"]
[PlyCount "100"]
[EventDate "2015.03.30"]
[EventType "swiss"]
[EventRounds "9"]
[EventCountry "ROU"]
[SourceTitle "CBM 165 Extra"]
[Source "ChessBase"]
[SourceDate "2015.04.21"]
[SourceVersion "1"]
[SourceVersionDate "2015.04.21"]
[SourceQuality "1"]

1. f4 e5 2. fxe5 d6 3. Nf3 dxe5 4. e4 Bc5 5. Bb5+ c6 6. Bc4 Nf6 7. d3 0-0 8. Qe2 a5 9. a4 Qb6 10. Nbd2 Bg4 11. Nb3 Bb4+ 12. c3 Bd6 13. Be3 Qc7 14. h3 Be6 15. Bxe6 fxe6 16. Nc5 Qe7 17. Qf2 b6 18. Nb3 Nbd7 19. g4 Rae8 20. 0-0 Qf7 21. Nbd2 Bc7 22. Nc4 Rb8 23. Qg3 Qe7 24. Ncxe5 Nxe5 25. Nxe5 Qd6 26. Bf4 g5 27. Bxg5 Qxe5 28. Bf4 Qc5+ 29. d4 Bxf4 30. Qxf4 Qe7 31. Qg5+ Qg7 32. Qe5 Rbe8 33. Kg2 Qg6 34. Rae1 Nd7 35. Rxf8+ Rxf8 36. Qg3 e5 37. Qe3 Qf6 38. d5 Nc5 39. Re2 Qf1+ 40. Kg3 Qf4+ 41. Qxf4 exf4+ 42. Kf3 cxd5 43. exd5 Nxa4 44. Re6 Nxb2 45. Rxb6 Nc4 46. Rb5 Nd2+ 47. Kf2 f3 48. d6 Ne4+ 49. Kf1 f2 50. Rf5 Ng3+ 0-1

[Event "ROM-ch U16"]
[Site "Calimanesti"]
[Date "2015.03.30"]
[Round "1"]
[White "Tiron, Calin Andrei"]
[Black "Oprea, Stefan Teodor"]
[Result "1-0"]
[WhiteElo "1940"]
[BlackElo "1593"]
[PlyCount "45"]
[EventDate "2015.03.30"]
[EventType "swiss"]
[EventRounds "9"]
[EventCountry "ROU"]
[SourceTitle "CBM 165 Extra"]
[Source "ChessBase"]
[SourceDate "2015.04.21"]
[SourceVersion "1"]
[SourceVersionDate "2015.04.21"]
[SourceQuality "1"]

1. e4 c5 2. Nc3 Nc6 3. Bb5 g6 4. Bxc6 dxc6 5. d3 Nf6 6. Be3 b6 7. h3 Bg7 8. f4 Qc7 9. Nf3 0-0 10. 0-0 h5 11. Nh4 Kh7 12. Qf3 Bh6 13. e5 Ne8 14. g4 hxg4 15. hxg4 Bg7 16. Qh3 Kg8 17. Ne4 Qd7 18. f5 Bxe5 19. Nf3 Bf6 20. Rf2 Nd6 21. Rh2 Rd8 22. Qh7+ Kf8 23. Bh6+ 1-0

[Event "EU-chT U18"]
[Site "Iasi"]
[Date "2014.07.20"]
[Round "6.3"]
[White "Bida, Mihai Eugen"]
[Black "Tiron, Calin Andrei"]
[Result "1-0"]
[WhiteElo "2299"]
[BlackElo "1914"]
[PlyCount "83"]
[EventDate "2014.07.15"]
[EventType "team-swiss"]
[EventRounds "7"]
[EventCountry "ROU"]
[SourceTitle "CBM 161 Extra"]
[Source "ChessBase"]
[SourceDate "2014.08.29"]
[SourceVersion "1"]
[SourceVersionDate "2014.08.29"]
[SourceQuality "1"]
[WhiteTeam "Romania U18"]
[BlackTeam "Romania U18 III"]
[WhiteTeamCountry "ROU"]
[BlackTeamCountry "ROU"]

1. d4 e6 2. c4 Nf6 3. Nf3 Bb4+ 4. Bd2 Qe7 5. g3 0-0 6. Bg2 Nc6 7. Nc3 d6 8. d5 exd5 9. cxd5 Ne5 10. 0-0 Bg4 11. Qb3 a5 12. a3 Bxc3 13. Bxc3 a4 14. Qd1 Nfd7 15. Nd4 Nc5 16. Qc2 Rfe8 17. Rae1 Qd7 18. f4 Nc4 19. e4 c6 20. f5 cxd5 21. h3 dxe4 22. hxg4 d5 23. f6 g6 24. Qc1 e3 25. Qd1 Ne4 26. Qf3 Qd6 27. Qf4 Nxg3 28. Qxd6 Nxd6 29. Rf3 Nge4 30. Rfxe3 Nxf6 31. Rxe8+ Rxe8 32. Rxe8+ Ndxe8 33. g5 Ne4 34. Bxe4 dxe4 35. Nb5 f5 36. gxf6 Kf7 37. Kf2 Nxf6 38. Ke3 h5 39. Nd6+ Ke6 40. Nxb7 h4 41. Nc5+ Kf5 42. Bxf6 1-0

[Event "World Amateur-ch"]
[Site "Iasi"]
[Date "2013.04.30"]
[Round "9"]
[White "Bayarkhuu, Hurelchuluun"]
[Black "Tiron, Calin Andrei"]
[Result "1-0"]
[WhiteElo "1908"]
[BlackElo "1924"]
[PlyCount "55"]
[EventDate "2013.04.22"]
[EventType "swiss"]
[EventRounds "9"]
[EventCountry "ROU"]
[SourceTitle "CBM 154 Extra"]
[Source "ChessBase"]
[SourceDate "2013.06.25"]
[SourceVersion "2"]
[SourceVersionDate "2013.06.25"]
[SourceQuality "1"]

1. d4 e6 2. c4 Nf6 3. Nf3 Bb4+ 4. Bd2 Qe7 5. g3 Nc6 6. Bg2 Bxd2+ 7. Qxd2 d6 8. Nc3 0-0 9. e4 e5 10. d5 Nb8 11. 0-0-0 a6 12. Qe2 Bd7 13. Nh4 b5 14. Nf5 Qe8 15. Bf3 g6 16. Ne3 Qe7 17. g4 Rc8 18. g5 Ne8 19. h4 c6 20. Rdg1 cxd5 21. Ncxd5 Qd8 22. h5 Be6 23. Bg4 Bxg4 24. Qxg4 Nc6 25. hxg6 fxg6 26. Qe6+ Kg7 27. Rxh7+ Kxh7 28. Qf7+ 1-0

[Event "World Amateur-ch"]
[Site "Iasi"]
[Date "2013.04.25"]
[Round "4"]
[White "Tiron, Calin Andrei"]
[Black "Havumaki, Jani"]
[Result "1-0"]
[WhiteElo "1924"]
[BlackElo "1813"]
[PlyCount "123"]
[EventDate "2013.04.22"]
[EventType "swiss"]
[EventRounds "9"]
[EventCountry "ROU"]
[SourceTitle "CBM 154 Extra"]
[Source "ChessBase"]
[SourceDate "2013.06.25"]
[SourceVersion "2"]
[SourceVersionDate "2013.06.25"]
[SourceQuality "1"]

1. e4 Nf6 2. e5 Nd5 3. c4 Nb6 4. d4 d6 5. exd6 cxd6 6. Nc3 Nc6 7. Be3 Bf5 8. Nf3 e6 9. d5 Nb4 10. Nd4 Qf6 11. a3 Na6 12. Qf3 0-0-0 13. g4 Bg6 14. Qxf6 gxf6 15. dxe6 Re8 16. exf7 Bxf7 17. Ncb5 Kb8 18. Rc1 d5 19. cxd5 Nxd5 20. Kd2 Nxe3 21. fxe3 Bd5 22. Rg1 Bh6 23. Nf5 Bf8 24. Bc4 Be4 25. Nbd4 Nc5 26. Bb5 Rd8 27. Ke2 a6 28. b4 axb5 29. bxc5 Rd5 30. Nd6 Bxd6 31. cxd6 Rxd6 32. Rc5 Rd5 33. Rxb5 Rxb5 34. Nxb5 Rc8 35. Rd1 b6 36. Rd6 Rc2+ 37. Kd1 Rc6 38. Rxc6 Bxc6 39. Nd4 Bd7 40. h3 Kc7 41. Ke2 Kd6 42. Kd3 Kd5 43. e4+ Ke5 44. Ke3 Kd6 45. Nf3 Kc5 46. e5 fxe5 47. Nxe5 Be6 48. Kd3 Kb5 49. Kc3 Ka4 50. Kb2 b5 51. Nd3 Bf7 52. Nc5+ Ka5 53. Kc3 Bg6 54. h4 Bb1 55. h5 Ba2 56. g5 Bf7 57. h6 Bg6 58. Ne6 Ka4 59. Kb2 Bf5 60. Nf8 b4 61. g6 bxa3+ 62. Ka1 1-0

[Event "ROM-ch U14"]
[Site "Calimanesti"]
[Date "2013.04.02"]
[Round "1"]
[White "Tiron, Calin Andrei"]
[Black "Andronache, Mihai Stefan"]
[Result "1-0"]
[WhiteElo "1924"]
[BlackElo "1601"]
[PlyCount "85"]
[EventDate "2013.04.02"]
[EventType "swiss"]
[EventRounds "9"]
[EventCountry "ROU"]
[SourceTitle "CBM 153 Extra"]
[Source "ChessBase"]
[SourceDate "2013.04.22"]
[SourceVersion "1"]
[SourceVersionDate "2013.04.22"]
[SourceQuality "1"]

1. e4 d5 2. exd5 Qxd5 3. Nc3 Qd6 4. d4 Nf6 5. Nf3 a6 6. Bd3 Bg4 7. Be3 Nbd7 8. 0-0 e6 9. Ne4 Nxe4 10. Bxe4 c6 11. c3 Nf6 12. Bd3 Qc7 13. Qe2 Bd6 14. h3 Bh5 15. Bg5 Nd7 16. Rfe1 0-0 17. Qe3 Rfe8 18. Ne5 Nf8 19. Nc4 Bg6 20. Bf1 Be7 21. Bf4 Qd8 22. Qg3 Bh4 23. Qg4 Be7 24. Qg3 Bh4 25. Qg4 Be7 26. Rad1 Bf5 27. Qg3 Bh4 28. Qf3 Be7 29. Qg3 Bh4 30. Qh2 Ng6 31. Nd6 Nxf4 32. Qxf4 Bg5 33. Qg3 Bh4 34. Qf4 Bg5 35. Qh2 Bc2 36. Ra1 Re7 37. Ne4 Bxe4 38. Rxe4 Qb6 39. Rb1 Qa5 40. a3 Rd8 41. Re5 Rd5 42. Rxg5 Rxg5 43. Qb8+ 1-0

[Event "ROM-ch"]
[Site "Baile Olanesti"]
[Date "2013.02.21"]
[Round "8"]
[White "Tiron, Calin Andrei"]
[Black "Miulescu, Gabriel"]
[Result "0-1"]
[WhiteElo "1906"]
[BlackElo "2161"]
[PlyCount "109"]
[EventDate "2013.02.16"]
[EventType "swiss"]
[EventRounds "11"]
[EventCountry "ROU"]
[SourceTitle "CBM 153 Extra"]
[Source "ChessBase"]
[SourceDate "2013.04.22"]
[SourceVersion "1"]
[SourceVersionDate "2013.04.22"]
[SourceQuality "1"]

1. e4 c5 2. Nc3 Nc6 3. Bb5 Nd4 4. Bc4 d6 5. Nge2 a6 6. Nxd4 cxd4 7. Ne2 Nf6 8. d3 b5 9. Bb3 Qb6 10. 0-0 e6 11. f4 Be7 12. Qe1 Nxe4 13. dxe4 d3+ 14. Kh1 dxe2 15. Qxe2 0-0 16. f5 exf5 17. Be3 Qc7 18. Bd4 f4 19. Rxf4 Be6 20. Bd5 Rac8 21. c3 Bg5 22. Rf2 Qe7 23. Qf3 Bh4 24. g3 Bg5 25. h4 Bh6 26. Qh5 Qd7 27. Raf1 Bxd5 28. exd5 Qh3+ 29. Kg1 Qxg3+ 30. Rg2 Be3+ 31. Bxe3 Qxe3+ 32. Kh1 g6 33. Qg5 Qh3+ 34. Kg1 Rc4 35. h5 Rh4 36. Qg3 Qxg3 37. Rxg3 Rxh5 38. Rd3 Rg5+ 39. Kh2 Kg7 40. Re1 Kf6 41. Rd4 Re5 42. Rf1+ Ke7 43. Rf2 f5 44. Rh4 Rf7 45. Rd4 g5 46. Rg2 h6 47. Rd3 f4 48. Rf2 g4 49. Kg2 Re4 50. Rc2 Kf6 51. Kf2 h5 52. Kg2 h4 53. b3 f3+ 54. Kg1 Re1+ 55. Kf2 0-1

[Event "World School-ch U13 8th"]
[Site "Iasi"]
[Date "2012.05.02"]
[Round "5"]
[White "Stefanov, Emil"]
[Black "Tiron, Calin Andrei"]
[Result "0-1"]
[WhiteElo "1808"]
[BlackElo "1869"]
[PlyCount "102"]
[EventDate "2012.04.28"]
[EventType "swiss"]
[EventRounds "9"]
[EventCountry "ROU"]
[SourceTitle "EXT 2013"]
[Source "ChessBase"]
[SourceDate "2012.11.22"]
[SourceVersion "1"]
[SourceVersionDate "2012.11.22"]
[SourceQuality "1"]

1. d4 e6 2. c4 Nf6 3. Nf3 Bb4+ 4. Bd2 Qe7 5. g3 Nc6 6. Bg2 0-0 7. 0-0 Bxd2 8. Qxd2 d6 9. d5 Nb8 10. Nc3 a5 11. e4 e5 12. Ne1 Na6 13. Nd3 Nd7 14. f4 Nac5 15. Nxc5 Nxc5 16. f5 f6 17. b3 Bd7 18. Rab1 Rfb8 19. Rfe1 b5 20. cxb5 Bxb5 21. Bf1 Be8 22. Qc2 Rb7 23. a3 Rab8 24. Bc4 Qf7 25. g4 Rb6 26. Na2 Qd7 27. b4 Qa4 28. Qxa4 Bxa4 29. Rbc1 axb4 30. axb4 Nb3 31. Rc3 Nd2 32. Ra3 Bc2 33. Re2 Nxc4 34. Rc3 Bd1 35. Rf2 Ra6 36. b5 Ra4 37. Nc1 Rxb5 38. h3 Rb2 39. Rf1 Rc2 40. Rxc2 Bxc2 41. Rf2 Bxe4 42. Ne2 Ra1+ 43. Kh2 Ra2 44. Kg3 Bxd5 45. Nc3 Rxf2 46. Kxf2 Bc6 47. h4 d5 48. g5 d4 49. Nd1 Ne3 50. Nxe3 dxe3+ 51. Kxe3 Kf7 0-1

[Event "World School-ch U13 8th"]
[Site "Iasi"]
[Date "2012.04.30"]
[Round "3"]
[White "Petrov, Vladimir Sergeev"]
[Black "Tiron, Calin Andrei"]
[Result "1/2-1/2"]
[WhiteElo "1980"]
[BlackElo "1869"]
[PlyCount "94"]
[EventDate "2012.04.28"]
[EventType "swiss"]
[EventRounds "9"]
[EventCountry "ROU"]
[SourceTitle "EXT 2013"]
[Source "ChessBase"]
[SourceDate "2012.11.22"]
[SourceVersion "1"]
[SourceVersionDate "2012.11.22"]
[SourceQuality "1"]

1. e4 e6 2. d4 d5 3. Nd2 Nc6 4. Ngf3 Nf6 5. e5 Nd7 6. Bd3 f6 7. Ng5 Ndxe5 8. dxe5 fxg5 9. Qh5+ Kd7 10. Nf3 g6 11. Qh3 Be7 12. Bb5 a6 13. Ba4 b5 14. Bb3 h5 15. Bxg5 Ke8 16. Bxe7 Qxe7 17. Qg3 Qb4+ 18. c3 Qg4 19. 0-0 Qxg3 20. hxg3 Ne7 21. a4 Bd7 22. axb5 Bxb5 23. Ba4 Kd7 24. Nd4 c6 25. Bxb5 axb5 26. b4 Rhb8 27. Nb3 Nc8 28. Nc5+ Ke7 29. Ra5 Rxa5 30. bxa5 Na7 31. Ra1 Rf8 32. f4 Rf5 33. Rf1 Rf8 34. Kf2 Rf5 35. Kf3 g5 36. Nd3 c5 37. Nxc5 Nc6 38. Nd3 Nxa5 39. Rb1 Nc4 40. Ke2 Rf8 41. Rxb5 Ra8 42. Rb7+ Kf8 43. Nb4 Ra3 44. Kd3 Ra1 45. Rh7 Rg1 46. Rxh5 Rxg2 47. Kd4 Re2 1/2-1/2

[Event "ROM-ch"]
[Site "Sarata Monteoru"]
[Date "2012.02.18"]
[Round "7"]
[White "Rusu, Vasile"]
[Black "Tiron, Calin Andrei"]
[Result "0-1"]
[WhiteElo "1760"]
[BlackElo "1856"]
[PlyCount "42"]
[EventDate "2012.02.13"]
[EventType "swiss"]
[EventRounds "11"]
[EventCountry "ROU"]
[SourceTitle "CBM 147 Extra"]
[Source "ChessBase"]
[SourceDate "2012.04.24"]
[SourceVersion "1"]
[SourceVersionDate "2012.04.24"]
[SourceQuality "1"]

1. d4 e6 2. e4 d5 3. exd5 exd5 4. Nf3 Nc6 5. Be2 Bd6 6. Bg5 f6 7. Bh4 Bg4 8. Bg3 Bxg3 9. hxg3 Nge7 10. c3 Qd7 11. Nbd2 0-0-0 12. a4 Rde8 13. a5 Ng6 14. 0-0 h5 15. Re1 h4 16. Qc2 h3 17. b4 hxg2 18. Bd3 Rxe1+ 19. Rxe1 Bxf3 20. Nxf3 Rh1+ 21. Kxg2 Qh3# 0-1

[Event "ROM-ch"]
[Site "Sarata Monteoru"]
[Date "2012.02.17"]
[Round "6"]
[White "Tiron, Calin Andrei"]
[Black "Pisu, Robert Daniel"]
[Result "0-1"]
[WhiteElo "1856"]
[BlackElo "2037"]
[PlyCount "84"]
[EventDate "2012.02.13"]
[EventType "swiss"]
[EventRounds "11"]
[EventCountry "ROU"]
[SourceTitle "CBM 147 Extra"]
[Source "ChessBase"]
[SourceDate "2012.04.24"]
[SourceVersion "1"]
[SourceVersionDate "2012.04.24"]
[SourceQuality "1"]

1. e4 e5 2. Nf3 Nf6 3. Nxe5 d6 4. Nf3 Nxe4 5. c4 Be7 6. Nc3 Nxc3 7. dxc3 Nc6 8. Bd3 Bg4 9. Be4 Qc8 10. Be3 Ne5 11. Qb3 Bxf3 12. gxf3 c6 13. f4 Ng4 14. 0-0-0 a5 15. Rhg1 f5 16. Bf3 a4 17. Qc2 Nxe3 18. fxe3 0-0 19. Qg2 g6 20. h4 Bxh4 21. Rxd6 Rf6 22. Qd2 Rxd6 23. Qxd6 Qe8 24. Qd2 Qe6 25. Rh1 Bf6 26. Be2 Qe4 27. Rh3 Rd8 28. Qc2 Qg2 29. Rf3 a3 30. Rf1 Qg3 31. Bf3 Qh3 32. Qf2 axb2+ 33. Kxb2 Qh6 34. Rd1 Rxd1 35. Bxd1 Qf8 36. Qd2 Qb4+ 37. Bb3 Qc5 38. Qd7 Qxe3 39. Qc8+ Kg7 40. Qxb7+ Kh6 41. Qxc6 Qxc3+ 42. Ka3 Be7+ 0-1

[Event "ROM-ch"]
[Site "Sarata Monteoru"]
[Date "2012.02.14"]
[Round "2"]
[White "Tiron, Calin Andrei"]
[Black "Puscas, Filip Andrei"]
[Result "1-0"]
[WhiteElo "1856"]
[BlackElo "1420"]
[PlyCount "37"]
[EventDate "2012.02.13"]
[EventType "swiss"]
[EventRounds "11"]
[EventCountry "ROU"]
[SourceTitle "CBM 147 Extra"]
[Source "ChessBase"]
[SourceDate "2012.04.24"]
[SourceVersion "1"]
[SourceVersionDate "2012.04.24"]
[SourceQuality "1"]

1. e4 e5 2. Nf3 Nc6 3. Bb5 Bc5 4. 0-0 Nf6 5. Nxe5 Nxe5 6. d4 c6 7. dxe5 Nxe4 8. Bd3 Nxf2 9. Rxf2 Bxf2+ 10. Kxf2 Qb6+ 11. Kf1 0-0 12. Qh5 h6 13. Bxh6 gxh6 14. Qxh6 f5 15. Bc4+ d5 16. exd6+ Rf7 17. Qg6+ Kh8 18. Bxf7 Qb5+ 19. c4 1-0

[Event "ROM-ch"]
[Site "Sarata Monteoru"]
[Date "2012.02.13"]
[Round "1"]
[White "Stanciu, Alexandru Ovidiu"]
[Black "Tiron, Calin Andrei"]
[Result "1-0"]
[WhiteElo "2314"]
[BlackElo "1856"]
[PlyCount "77"]
[EventDate "2012.02.13"]
[EventType "swiss"]
[EventRounds "11"]
[EventCountry "ROU"]
[SourceTitle "CBM 147 Extra"]
[Source "ChessBase"]
[SourceDate "2012.04.24"]
[SourceVersion "1"]
[SourceVersionDate "2012.04.24"]
[SourceQuality "1"]

1. c4 e5 2. g3 Nc6 3. Bg2 g6 4. Nc3 Bg7 5. d3 d6 6. e4 Be6 7. h4 h5 8. Bg5 Qd7 9. Nge2 Nge7 10. Nd5 0-0 11. Nf6+ Bxf6 12. Bxf6 Kh7 13. Qd2 Ng8 14. Bg5 a6 15. b3 Rab8 16. Rc1 f5 17. 0-0 Rf7 18. d4 exd4 19. Nxd4 Nxd4 20. Qxd4 fxe4 21. Qxe4 Nf6 22. Qd4 Ng4 23. Qa7 Rbf8 24. f3 Ne5 25. Qxb7 Nd3 26. Rcd1 Ne5 27. Qb4 Bh3 28. Qc3 Bxg2 29. Kxg2 Qc6 30. Bc1 Nd7 31. Rd5 Ne5 32. Bf4 Nd7 33. Qd3 Rf6 34. Rxh5+ Kg8 35. Rg5 Kf7 36. Re1 Nc5 37. Qd5+ Qxd5 38. Rxd5 a5 39. Bg5 1-0

[Event "ROM-ch op"]
[Site "Sarata Monteoru"]
[Date "2011.02.19"]
[Round "10"]
[White "Tiron, Calin Andrei"]
[Black "Acsinte, Matei Ionut"]
[Result "1/2-1/2"]
[WhiteElo "1736"]
[BlackElo "1891"]
[PlyCount "61"]
[EventDate "2011.02.12"]
[EventType "swiss"]
[EventRounds "11"]
[EventCountry "ROU"]
[SourceTitle "EXT 2013"]
[Source "ChessBase"]
[SourceDate "2012.11.22"]
[SourceVersion "1"]
[SourceVersionDate "2012.11.22"]
[SourceQuality "1"]

1. e4 c5 2. Nc3 g6 3. f4 Bg7 4. Nf3 Nc6 5. d3 d6 6. g3 e6 7. Bg2 Nge7 8. 0-0 0-0 9. g4 Nd4 10. Ne2 Nxe2+ 11. Qxe2 Rb8 12. Qf2 f5 13. gxf5 exf5 14. e5 Qc7 15. Kh1 b6 16. Qh4 h6 17. Re1 d5 18. Bd2 d4 19. Qg3 Kh7 20. Kg1 Bb7 21. Kf2 b5 22. b3 Rbc8 23. Qh4 Kg8 24. Rec1 Qd7 25. a4 a6 26. axb5 axb5 27. Ra7 Nc6 28. Raa1 Ne7 29. Ra7 Nc6 30. Raa1 Ne7 31. Ra7 1/2-1/2

[Event "ROM-ch op"]
[Site "Sarata Monteoru"]
[Date "2011.02.13"]
[Round "2"]
[White "Tiron, Calin Andrei"]
[Black "Iordachescu, Sorin Emanuel"]
[Result "1/2-1/2"]
[WhiteElo "1736"]
[BlackElo "1903"]
[PlyCount "129"]
[EventDate "2011.02.12"]
[EventType "swiss"]
[EventRounds "11"]
[EventCountry "ROU"]
[SourceTitle "EXT 2013"]
[Source "ChessBase"]
[SourceDate "2012.11.22"]
[SourceVersion "1"]
[SourceVersionDate "2012.11.22"]
[SourceQuality "1"]

1. e4 d6 2. d4 Nf6 3. Nc3 g6 4. Bc4 Bg7 5. Nge2 c6 6. 0-0 b5 7. Bd3 0-0 8. f3 Bb7 9. Be3 Nbd7 10. Qc1 Qc7 11. Bh6 e5 12. Bxg7 Kxg7 13. f4 exd4 14. Nxd4 b4 15. Na4 c5 16. Nf3 c4 17. Be2 Bxe4 18. Qd2 a5 19. Nd4 d5 20. f5 Rae8 21. c3 Nc5 22. Nxc5 Qxc5 23. Kh1 Re5 24. h4 h6 25. Qf4 Ree8 26. Qg3 Qe7 27. Nc6 Bxg2+ 28. Kxg2 Qxe2+ 29. Rf2 Qg4 30. Qxg4 Nxg4 31. f6+ Nxf6 32. Nxa5 bxc3 33. bxc3 Re3 34. Rc1 Rfe8 35. Nc6 Re2 36. Nb4 Rxf2+ 37. Kxf2 Re4 38. a4 Rxh4 39. a5 Nd7 40. a6 Nb6 41. a7 Re4 42. Nxd5 Na8 43. Rb1 Re5 44. Rb5 h5 45. Kf3 g5 46. Kg3 Kg6 47. Rc5 Kf5 48. Ne3+ Ke4 49. Rxe5+ Kxe5 50. Nxc4+ Kd5 51. Ne3+ Ke4 52. Nc4 f5 53. Nd6+ Ke5 54. Nf7+ Kf6 55. Nd6 Ke6 56. Nb5 Kd5 57. Kf3 h4 58. Nd4 Ke5 59. Nc6+ Kd5 60. Nd4 g4+ 61. Kf4 g3 62. Nxf5 Kc4 63. Nxh4 Kxc3 64. Ke5 Kc4 65. Kf4 1/2-1/2